[Event "Summer Prague Open 2022 - A"]
[Site "Olympik hotel, Sokolovska 138, Praha"]
[Date "2022.08.06"]
[Round "2"]
[Board "1"]
[White "Zanan, Evgeny"]
[Black "Gavriely, Or"]
[Result "1-0"]
[WhiteElo "2510"]
[BlackElo "2122"]
[PlyCount "0"]
[EventDate "2022.08.05"]
[EventRounds "9"]
[EventCountry "CZE"]

1. e4 {[%clk 1:30:59]} c6 {[%clk 1:30:37]} 2. Nf3 {[%clk 1:31:17]} d5
{[%clk 1:31:00]} 3. Nc3 {[%clk 1:31:44]} dxe4 {[%clk 1:31:26]} 4. Nxe4
{[%clk 1:32:11]} Nf6 {[%clk 1:31:50]} 5. Qe2 {[%clk 1:32:37]} Nxe4
{[%clk 1:32:17]} 6. Qxe4 {[%clk 1:33:04]} Qd5 {[%clk 1:32:42]} 7. Qf4
{[%clk 1:33:13]} Qf5 {[%clk 1:33:06]} 8. Qe3 {[%clk 1:33:40]} Qe6
{[%clk 1:33:27]} 9. b3 {[%clk 1:34:01]} Qxe3+ {[%clk 1:33:51]} 10. fxe3
{[%clk 1:34:27]} Bf5 {[%clk 1:27:20]} 11. Bb2 {[%clk 1:31:34]} a5
{[%clk 1:21:58]} 12. d3 {[%clk 1:25:22]} a4 {[%clk 1:08:50]} 13. e4
{[%clk 1:21:31]} Bg6 {[%clk 1:01:56]} 14. h4 {[%clk 1:18:47]} h5 {[%clk 0:58:41]}
15. Ne5 {[%clk 1:16:38]} Bh7 {[%clk 0:57:57]} 16. Be2 {[%clk 1:16:59]} Bg8
{[%clk 0:58:13]} 17. O-O-O {[%clk 1:04:24]} f6 {[%clk 0:50:20]} 18. Ng6
{[%clk 1:02:49]} Rh6 {[%clk 0:48:37]} 19. Nf4 {[%clk 0:59:24]} Bf7
{[%clk 0:48:13]} 20. e5 {[%clk 0:59:22]} fxe5 {[%clk 0:47:25]} 21. Bxe5
{[%clk 0:45:50]} Nd7 {[%clk 0:47:26]} 22. Bb2 {[%clk 0:46:19]} e5
{[%clk 0:47:31]} 23. Nh3 {[%clk 0:46:47]} Bd5 {[%clk 0:45:28]} 24. Bf3
{[%clk 0:39:09]} Bxf3 {[%clk 0:45:03]} 25. gxf3 {[%clk 0:39:35]} axb3
{[%clk 0:43:34]} 26. axb3 {[%clk 0:38:54]} Be7 {[%clk 0:43:24]} 27. Ng5
{[%clk 0:27:18]} Rg6 {[%clk 0:41:13]} 28. Rdg1 {[%clk 0:09:17]} Bf6
{[%clk 0:40:27]} 29. Ne4 {[%clk 0:06:40]} Rxg1+ {[%clk 0:40:42]} 30. Rxg1
{[%clk 0:07:09]} O-O-O {[%clk 0:34:05]} 31. Nxf6 {[%clk 0:06:51]} gxf6
{[%clk 0:34:34]} 32. Rg6 {[%clk 0:04:42]} Rh8 {[%clk 0:34:58]} 33. d4
{[%clk 0:04:46]} e4 {[%clk 0:21:53]} 34. fxe4 {[%clk 0:05:02]} Re8
{[%clk 0:22:19]} 35. Rh6 {[%clk 0:04:47]} Rxe4 {[%clk 0:22:46]} 36. Rxh5
{[%clk 0:05:12]} f5 {[%clk 0:22:44]} 37. Kd2 {[%clk 0:04:59]} f4 {[%clk 0:18:37]}
38. Rf5 {[%clk 0:04:46]} f3 {[%clk 0:19:04]} 39. h5 {[%clk 0:05:11]} Rh4
{[%clk 0:18:42]} 40. Ke3 {[%clk 0:02:17]} Rh3 {[%clk 0:19:10]} 41. Ba3
{[%clk 0:00:44]} Nb6 {[%clk 0:18:26]} 42. c4 {[%clk 0:16:22]} f2+
{[%clk 0:47:50]} 43. Kxf2 {[%clk 0:16:22]} Rxb3 {[%clk 0:48:12]} 44. Rf3
{[%clk 0:16:29]} Rb1 {[%clk 0:47:01]} 45. Kg2 {[%clk 0:16:44]} Nxc4
{[%clk 0:46:13]} 46. h6 {[%clk 0:17:01]} Nxa3 {[%clk 0:45:15]} 47. h7
{[%clk 0:17:19]}  1-0

[Event "Summer Prague Open 2022 - A"]
[Site "Olympik hotel, Sokolovska 138, Praha"]
[Date "2022.08.06"]
[Round "2"]
[Board "2"]
[White "Schroer, Marcel"]
[Black "Pap, Gyula"]
[Result "1/2-1/2"]
[WhiteElo "2119"]
[BlackElo "2481"]
[PlyCount "0"]
[EventDate "2022.08.05"]
[EventRounds "9"]
[EventCountry "CZE"]

1. d4 {[%clk 1:30:50]} d6 {[%clk 1:30:33]} 2. Nf3 {[%clk 1:30:52]} g6
{[%clk 1:28:21]} 3. g3 {[%clk 1:30:54]} Bg7 {[%clk 1:26:26]} 4. Bg2
{[%clk 1:31:10]} Nf6 {[%clk 1:22:47]} 5. O-O {[%clk 1:31:17]} O-O
{[%clk 1:23:11]} 6. b3 {[%clk 1:30:55]} b5 {[%clk 1:18:13]} 7. Nbd2
{[%clk 1:29:51]} Bb7 {[%clk 1:16:50]} 8. c4 {[%clk 1:29:43]} bxc4
{[%clk 1:04:24]} 9. bxc4 {[%clk 1:29:44]} Nbd7 {[%clk 1:00:41]} 10. Rb1
{[%clk 1:27:27]} Rb8 {[%clk 0:54:26]} 11. Qc2 {[%clk 1:10:59]} Ba8
{[%clk 0:42:48]} 12. Ba3 {[%clk 1:07:02]} c5 {[%clk 0:38:44]}  1/2-1/2

[Event "Summer Prague Open 2022 - A"]
[Site "Olympik hotel, Sokolovska 138, Praha"]
[Date "2022.08.06"]
[Round "2"]
[Board "3"]
[White "Toure, Vasanth"]
[Black "Mirzoev, Azer"]
[Result "0-1"]
[WhiteElo "2116"]
[BlackElo "2435"]
[PlyCount "0"]
[EventDate "2022.08.05"]
[EventRounds "9"]
[EventCountry "CZE"]

1. e4 c6 {[%clk 1:26:58]} 2. d4 {[%clk 1:30:37]} d5 {[%clk 1:27:26]} 3. exd5
{[%clk 1:30:59]} cxd5 {[%clk 1:27:50]} 4. Bd3 {[%clk 1:31:23]} Nf6
{[%clk 1:28:04]} 5. h3 {[%clk 1:31:33]} Nc6 {[%clk 1:27:49]} 6. c3
{[%clk 1:31:54]} g6 {[%clk 1:28:00]} 7. Nf3 {[%clk 1:31:07]} Bf5 {[%clk 1:25:52]}
8. O-O {[%clk 1:30:00]} Bxd3 {[%clk 1:26:12]} 9. Qxd3 {[%clk 1:30:26]} Bg7
{[%clk 1:26:32]} 10. Re1 {[%clk 1:29:21]} O-O {[%clk 1:26:46]} 11. Bf4
{[%clk 1:29:13]} e6 {[%clk 1:26:51]} 12. Nbd2 {[%clk 1:26:45]} Qb6
{[%clk 1:24:40]} 13. Ne5 {[%clk 1:18:12]} Rac8 {[%clk 1:20:29]} 14. Rab1
{[%clk 0:51:39]} Rfe8 {[%clk 1:19:04]} 15. Nxc6 {[%clk 0:42:32]} bxc6
{[%clk 1:16:29]} 16. Be5 {[%clk 0:36:59]} c5 {[%clk 1:14:24]} 17. dxc5
{[%clk 0:21:51]} Qxc5 {[%clk 1:14:12]} 18. Bd4 {[%clk 0:19:44]} Qc7
{[%clk 1:13:25]} 19. Be5 {[%clk 0:17:35]} Qa5 {[%clk 1:11:07]} 20. a4
{[%clk 0:16:30]} Red8 {[%clk 1:05:54]} 21. Ra1 {[%clk 0:12:12]} Ne8
{[%clk 1:03:51]} 22. Bxg7 {[%clk 0:05:05]} Nxg7 {[%clk 1:04:13]} 23. Nf3
{[%clk 0:05:24]} Nf5 {[%clk 1:02:32]} 24. Ne5 {[%clk 0:03:39]} Qc7
{[%clk 0:58:36]} 25. Re2 {[%clk 0:03:38]} Nd6 {[%clk 0:57:02]} 26. Qd4
{[%clk 0:04:05]} Ne8 {[%clk 0:45:17]} 27. Ng4 {[%clk 0:03:58]} h5
{[%clk 0:45:14]} 28. Nf6+ {[%clk 0:04:07]} Nxf6 {[%clk 0:45:39]} 29. Qxf6
{[%clk 0:04:36]} Rd6 {[%clk 0:45:17]} 30. Rd2 {[%clk 0:02:10]} Rb6
{[%clk 0:42:54]} 31. Re1 {[%clk 0:01:32]} Rcb8 {[%clk 0:40:12]} 32. g4
{[%clk 0:01:32]} hxg4 {[%clk 0:29:46]} 33. hxg4 {[%clk 0:01:53]} Qd8
{[%clk 0:28:30]} 34. Qxd8+ {[%clk 0:02:00]} Rxd8 {[%clk 0:28:55]} 35. Kg2
{[%clk 0:00:41]} Rdb8 {[%clk 0:28:56]} 36. Ree2 {[%clk 0:00:33]} Kg7 37. Kf3 Kf6
{[%clk 0:27:58]} 38. Kg3 {[%clk 0:01:00]} g5 {[%clk 0:22:57]} 39. f3
{[%clk 0:01:05]} Kg6 {[%clk 0:20:21]} 40. Rf2 {[%clk 0:00:50]} R8b7
{[%clk 0:16:53]} 41. Rfe2 {[%clk 0:12:48]} Kf6 {[%clk 0:46:38]} 42. Rf2
{[%clk 0:13:13]} a5 {[%clk 0:42:07]} 43. Rfe2 {[%clk 0:12:38]} Rc6
{[%clk 0:41:18]} 44. Rd4 {[%clk 0:11:14]} Rbc7 {[%clk 0:41:34]} 45. Red2
{[%clk 0:09:10]} Rc4 {[%clk 0:40:48]} 46. Kf2 {[%clk 0:09:19]} Ke5
{[%clk 0:38:31]} 47. Ke3 {[%clk 0:09:33]} Kd6 {[%clk 0:36:34]} 48. Kd3
{[%clk 0:04:04]} Rxd4+ {[%clk 0:33:01]} 49. cxd4 {[%clk 0:04:25]} Rc4
{[%clk 0:33:22]} 50. Rc2 {[%clk 0:00:51]} Rxa4 {[%clk 0:33:46]} 51. Rc8
{[%clk 0:01:20]} Rb4 {[%clk 0:33:31]}  0-1

[Event "Summer Prague Open 2022 - A"]
[Site "Olympik hotel, Sokolovska 138, Praha"]
[Date "2022.08.06"]
[Round "2"]
[Board "4"]
[White "Cernousek, Lukas"]
[Black "Sandvik, Thomas"]
[Result "1-0"]
[WhiteElo "2429"]
[BlackElo "2110"]
[PlyCount "0"]
[EventDate "2022.08.05"]
[EventRounds "9"]
[EventCountry "CZE"]

1. Nf3 {[%clk 1:30:55]} Nf6 {[%clk 1:30:54]} 2. d4 {[%clk 1:31:19]} d5
{[%clk 1:31:19]} 3. c4 {[%clk 1:30:19]} e6 {[%clk 1:31:37]} 4. g3
{[%clk 1:28:17]} dxc4 {[%clk 1:31:50]} 5. Bg2 {[%clk 1:28:40]} c6
{[%clk 1:31:58]} 6. Ne5 {[%clk 1:27:04]} Bb4+ {[%clk 1:32:20]} 7. Bd2
{[%clk 1:21:45]} Be7 {[%clk 1:32:48]} 8. e3 {[%clk 1:13:06]} O-O {[%clk 1:30:04]}
9. Nxc4 {[%clk 1:13:12]} Nbd7 {[%clk 1:21:53]} 10. O-O {[%clk 1:03:52]} c5
{[%clk 1:17:06]} 11. dxc5 {[%clk 0:53:25]} Nxc5 {[%clk 1:15:06]} 12. Ba5
{[%clk 0:41:24]} Qxd1 {[%clk 1:04:21]} 13. Rxd1 {[%clk 0:41:52]} Na6
{[%clk 0:46:18]} 14. Nc3 {[%clk 0:32:49]} Rb8 {[%clk 0:34:38]} 15. Nb5
{[%clk 0:30:06]} Bc5 {[%clk 0:32:10]} 16. Ne5 {[%clk 0:29:38]} Nd5
{[%clk 0:24:56]} 17. Rac1 {[%clk 0:16:51]} f6 {[%clk 0:21:51]} 18. Nd3
{[%clk 0:15:07]} Bb6 {[%clk 0:21:13]} 19. Bxb6 {[%clk 0:14:14]} Nxb6
{[%clk 0:19:23]} 20. Nc5 {[%clk 0:03:40]} Nxc5 {[%clk 0:18:32]} 21. Rxc5
{[%clk 0:04:09]} Na4 {[%clk 0:13:08]} 22. Rc7 {[%clk 0:01:20]} a6
{[%clk 0:12:13]} 23. Nc3 {[%clk 0:00:54]} Nxc3 {[%clk 0:11:01]} 24. Rxc3
{[%clk 0:00:39]} e5 {[%clk 0:10:46]} 25. Rc7 {[%clk 0:00:37]} Bg4
{[%clk 0:10:10]} 26. Rd6 {[%clk 0:00:43]} Rbd8 {[%clk 0:07:15]} 27. Bd5+
{[%clk 0:00:40]} Kh8 {[%clk 0:07:41]} 28. Rxd8 {[%clk 0:00:51]} Rxd8
{[%clk 0:08:10]} 29. Rxb7 {[%clk 0:01:08]} h6 {[%clk 0:07:21]} 30. e4
{[%clk 0:01:34]} Rc8 {[%clk 0:07:05]} 31. Kg2 {[%clk 0:01:41]} Rc5
{[%clk 0:05:46]} 32. Rb6 {[%clk 0:00:38]} Bc8 {[%clk 0:05:05]} 33. Kf3
{[%clk 0:00:37]} Kh7 {[%clk 0:05:18]} 34. Ke3 {[%clk 0:00:53]} Kg6
{[%clk 0:05:19]} 35. Kd2 {[%clk 0:00:41]} Kg5 {[%clk 0:04:57]} 36. f3
{[%clk 0:00:52]} h5 {[%clk 0:03:42]} 37. h4+ {[%clk 0:01:19]} Kh6
{[%clk 0:03:34]} 38. b4 {[%clk 0:00:55]} Rc7 {[%clk 0:03:41]} 39. Rc6
{[%clk 0:01:10]} Rxc6 {[%clk 0:03:47]} 40. Bxc6 {[%clk 0:01:39]} Be6
{[%clk 0:03:21]} 41. a4 {[%clk 0:00:34]}  1-0

[Event "Summer Prague Open 2022 - A"]
[Site "Olympik hotel, Sokolovska 138, Praha"]
[Date "2022.08.06"]
[Round "2"]
[Board "6"]
[White "Kowalec, Maciej"]
[Black "Lutsko, Artem"]
[Result "0-1"]
[WhiteElo "2104"]
[BlackElo "2407"]
[PlyCount "0"]
[EventDate "2022.08.05"]
[EventRounds "9"]
[EventCountry "CZE"]

1. d4 {[%clk 1:30:58]} Nf6 {[%clk 1:30:56]} 2. Nf3 {[%clk 1:30:44]} d5
{[%clk 1:30:46]} 3. c4 {[%clk 1:30:42]} e6 {[%clk 1:31:11]} 4. cxd5
{[%clk 1:30:34]} exd5 {[%clk 1:31:12]} 5. Nc3 {[%clk 1:30:36]} c6
{[%clk 1:30:10]} 6. Bg5 {[%clk 1:29:46]} Be7 {[%clk 1:30:14]} 7. e3
{[%clk 1:29:42]} Bf5 {[%clk 1:29:17]} 8. Bd3 {[%clk 1:27:49]} Bxd3
{[%clk 1:29:04]} 9. Qxd3 {[%clk 1:28:17]} O-O {[%clk 1:29:27]} 10. O-O
{[%clk 1:27:52]} Nbd7 {[%clk 1:27:45]} 11. Bxf6 {[%clk 1:22:15]} Nxf6
{[%clk 1:27:08]} 12. Rab1 {[%clk 1:21:00]} a5 {[%clk 1:24:57]} 13. Rfc1
{[%clk 1:12:45]} Re8 {[%clk 1:21:57]} 14. Ne5 {[%clk 1:06:35]} Bd6
{[%clk 1:17:45]} 15. f4 {[%clk 1:03:47]} Re7 {[%clk 1:13:34]} 16. Qf5
{[%clk 1:00:37]} Ne8 {[%clk 1:09:36]} 17. Nd1 {[%clk 0:54:41]} Bc7
{[%clk 1:07:39]} 18. Qh3 {[%clk 0:49:59]} Nd6 {[%clk 1:01:33]} 19. g4
{[%clk 0:46:45]} Qe8 {[%clk 0:52:28]} 20. b3 {[%clk 0:37:01]} f6 {[%clk 0:43:35]}
21. Nd3 {[%clk 0:34:49]} Qg6 {[%clk 0:44:00]} 22. N3f2 {[%clk 0:29:48]} Rae8
{[%clk 0:34:10]} 23. Qg2 {[%clk 0:22:14]} h5 {[%clk 0:23:45]} 24. h3
{[%clk 0:19:14]} Kf7 {[%clk 0:21:51]} 25. Rb2 {[%clk 0:17:04]} Ne4
{[%clk 0:21:08]} 26. Nxe4 {[%clk 0:12:37]} Rxe4 {[%clk 0:21:09]} 27. Rf2
{[%clk 0:11:05]} Qh6 {[%clk 0:09:45]} 28. gxh5 {[%clk 0:08:14]} Qxh5
{[%clk 0:09:48]} 29. Qg4 {[%clk 0:08:03]} Qxg4+ {[%clk 0:09:58]} 30. hxg4
{[%clk 0:08:32]} g5 {[%clk 0:10:10]} 31. Nc3 {[%clk 0:05:35]} Rxe3
{[%clk 0:10:36]} 32. fxg5 {[%clk 0:04:56]} Rg3+ {[%clk 0:10:22]} 33. Kf1
{[%clk 0:04:08]} Bd8 {[%clk 0:08:50]} 34. gxf6 {[%clk 0:02:31]} Rxg4
{[%clk 0:09:00]} 35. Ne2 {[%clk 0:02:00]} Bxf6 {[%clk 0:07:17]} 36. Rc5
{[%clk 0:01:09]} Rh8 {[%clk 0:07:20]} 37. Ke1 {[%clk 0:01:15]} Ke7
{[%clk 0:04:32]} 38. Rf1 {[%clk 0:00:44]} Rh2 {[%clk 0:04:34]} 39. Rc2
{[%clk 0:00:38]} Re4 {[%clk 0:03:10]} 40. Kd1 {[%clk 0:00:41]} Bxd4
{[%clk 0:03:23]} 41. Ng3 {[%clk 0:00:34]} Rxc2 {[%clk 0:03:39]} 42. Kxc2
{[%clk 0:00:51]} Rg4 {[%clk 0:04:00]} 43. Nf5+ {[%clk 0:29:38]} Ke6
{[%clk 0:33:08]} 44. Nxd4+ {[%clk 0:29:58]} Rxd4 {[%clk 0:33:34]} 45. Rf8
{[%clk 0:30:15]} Kd6 {[%clk 0:32:09]} 46. Ra8 {[%clk 0:30:34]} b6
{[%clk 0:32:36]}  0-1

[Event "Summer Prague Open 2022 - A"]
[Site "Olympik hotel, Sokolovska 138, Praha"]
[Date "2022.08.06"]
[Round "2"]
[Board "7"]
[White "Kambrath, Yannick"]
[Black "Schuran, Werner"]
[Result "1-0"]
[WhiteElo "2401"]
[BlackElo "2097"]
[PlyCount "0"]
[EventDate "2022.08.05"]
[EventRounds "9"]
[EventCountry "CZE"]

1. c4 {[%clk 1:29:47]} Nf6 {[%clk 1:30:47]} 2. Nc3 {[%clk 1:30:08]} g6
{[%clk 1:31:07]} 3. e4 {[%clk 1:29:55]} d6 {[%clk 1:31:19]} 4. d4
{[%clk 1:30:19]} Bg7 {[%clk 1:31:28]} 5. Be2 {[%clk 1:30:31]} O-O
{[%clk 1:31:25]} 6. Bg5 {[%clk 1:30:46]} Re8 {[%clk 1:29:02]} 7. Nf3
{[%clk 1:30:46]} Bg4 {[%clk 1:28:20]} 8. O-O {[%clk 1:30:06]} Nbd7
{[%clk 1:27:05]} 9. Rc1 {[%clk 1:27:50]} Bxf3 {[%clk 1:19:26]} 10. Bxf3
{[%clk 1:28:04]} c6 {[%clk 1:19:48]} 11. a3 {[%clk 1:23:26]} Qc7 {[%clk 1:19:17]}
12. b4 {[%clk 1:20:09]} e5 {[%clk 1:18:25]} 13. d5 {[%clk 1:19:08]} c5
{[%clk 1:15:41]} 14. Na4 b6 {[%clk 1:06:56]} 15. Be3 {[%clk 1:11:27]} h5
{[%clk 1:02:55]} 16. h3 {[%clk 1:01:56]} Nf8 {[%clk 0:54:13]} 17. Nc3
{[%clk 0:56:37]} Kh7 {[%clk 0:46:18]} 18. Qd2 {[%clk 0:55:26]} Ng8
{[%clk 0:44:00]} 19. g4 {[%clk 0:48:30]} h4 {[%clk 0:42:38]} 20. Bd1
{[%clk 0:48:41]} f6 {[%clk 0:32:51]} 21. Ba4 {[%clk 0:44:23]} Re7
{[%clk 0:30:28]} 22. bxc5 {[%clk 0:40:01]} bxc5 {[%clk 0:30:31]} 23. Bc6
{[%clk 0:39:22]} Rb8 {[%clk 0:29:22]} 24. Rb1 {[%clk 0:39:10]} f5
{[%clk 0:26:31]} 25. Rxb8 {[%clk 0:36:47]} Qxb8 {[%clk 0:26:55]} 26. Rb1
{[%clk 0:36:55]} Qc8 {[%clk 0:26:32]} 27. Bg5 {[%clk 0:33:49]} fxg4
{[%clk 0:24:40]} 28. Bxe7 {[%clk 0:32:17]} gxh3 {[%clk 0:24:39]} 29. Qg5
{[%clk 0:26:53]} Nxe7 {[%clk 0:23:08]} 30. Rb7 {[%clk 0:26:47]} Nxc6
{[%clk 0:18:08]} 31. dxc6 {[%clk 0:27:01]} Ne6 {[%clk 0:15:28]} 32. Qxh4+
{[%clk 0:27:17]} Kg8 {[%clk 0:15:48]} 33. Nd5 {[%clk 0:27:32]}  1-0

[Event "Summer Prague Open 2022 - A"]
[Site "Olympik hotel, Sokolovska 138, Praha"]
[Date "2022.08.06"]
[Round "2"]
[Board "8"]
[White "Jordanov, Mihail"]
[Black "Weishaeutel, Moritz"]
[Result "1/2-1/2"]
[WhiteElo "2094"]
[BlackElo "2396"]
[PlyCount "0"]
[EventDate "2022.08.05"]
[EventRounds "9"]
[EventCountry "CZE"]

1. e4 {[%clk 1:30:57]} c5 {[%clk 1:30:55]} 2. Nf3 {[%clk 1:31:17]} d6
{[%clk 1:31:20]} 3. d4 {[%clk 1:31:35]} cxd4 {[%clk 1:31:46]} 4. Nxd4
{[%clk 1:31:55]} Nf6 {[%clk 1:32:10]} 5. Nc3 {[%clk 1:32:18]} g6 {[%clk 1:32:32]}
6. Be3 {[%clk 1:32:29]} Bg7 {[%clk 1:32:56]} 7. f3 {[%clk 1:32:44]} O-O
{[%clk 1:33:19]} 8. Qd2 {[%clk 1:33:06]} Nc6 {[%clk 1:33:42]} 9. O-O-O
{[%clk 1:33:20]} d5 {[%clk 1:34:03]} 10. Qe1 {[%clk 1:33:19]} e5 {[%clk 1:34:26]}
11. Nxc6 {[%clk 1:33:34]} bxc6 {[%clk 1:34:52]} 12. exd5 {[%clk 1:33:53]} Nxd5
{[%clk 1:35:15]} 13. Bc4 {[%clk 1:33:48]} Be6 {[%clk 1:35:35]} 14. Ne4
{[%clk 1:31:49]} Qc7 {[%clk 1:35:48]} 15. Bc5 {[%clk 1:30:46]} Rfd8
{[%clk 1:36:11]} 16. g3 {[%clk 1:18:57]} f5 {[%clk 1:32:26]} 17. Ng5
{[%clk 1:18:34]} Bc8 {[%clk 1:32:32]} 18. h4 {[%clk 1:09:16]} h6 {[%clk 1:31:41]}
19. Nh3 {[%clk 1:09:08]} Be6 {[%clk 1:29:30]} 20. Nf2 {[%clk 1:05:11]} Qf7
{[%clk 1:18:06]} 21. Qa5 {[%clk 0:53:48]} Rd7 {[%clk 1:12:57]} 22. Rhe1
{[%clk 0:49:14]} Rb7 {[%clk 0:56:39]} 23. Bb3 {[%clk 0:26:36]} Nc7
{[%clk 0:39:47]} 24. Bd6 {[%clk 0:20:39]} Bxb3 {[%clk 0:38:16]} 25. axb3
{[%clk 0:20:42]} Ne6 {[%clk 0:37:00]} 26. Bxe5 {[%clk 0:19:32]} Rb5
{[%clk 0:36:21]} 27. Qc3 {[%clk 0:18:41]} Rc5 {[%clk 0:36:31]} 28. Bxg7
{[%clk 0:18:20]} Rxc3 {[%clk 0:36:55]} 29. Bxc3 {[%clk 0:18:47]} c5
{[%clk 0:33:52]} 30. Nd3 {[%clk 0:16:59]} Rd8 {[%clk 0:32:32]} 31. Nxc5
{[%clk 0:16:46]} Rxd1+ {[%clk 0:31:50]} 32. Rxd1 {[%clk 0:17:09]} Qe7
{[%clk 0:31:49]} 33. Nd7 {[%clk 0:16:28]} Nf8 {[%clk 0:28:43]} 34. Nf6+
{[%clk 0:06:36]} Kf7 {[%clk 0:29:08]} 35. Nd5 {[%clk 0:06:10]} Qb7
{[%clk 0:29:29]} 36. f4 {[%clk 0:03:53]} Nd7 {[%clk 0:23:24]} 37. b4
{[%clk 0:03:36]} Nb6 {[%clk 0:23:12]} 38. Nxb6 {[%clk 0:02:54]} axb6
{[%clk 0:22:18]} 39. Kb1 {[%clk 0:02:50]} Qg2 {[%clk 0:20:49]} 40. Rd7+
{[%clk 0:01:32]} Ke6 {[%clk 0:20:10]} 41. Rd3 {[%clk 0:01:20]} b5
{[%clk 0:19:22]} 42. b3 {[%clk 0:28:55]} Qf2 {[%clk 0:43:45]} 43. Be5
{[%clk 0:25:37]} Kf7 {[%clk 0:32:44]} 44. Kb2 {[%clk 0:24:51]} Ke7
{[%clk 0:30:46]} 45. Bd6+ {[%clk 0:23:20]} Kf6 {[%clk 0:27:58]} 46. Bc5
{[%clk 0:21:12]} Qg2 {[%clk 0:28:12]} 47. Rd6+ {[%clk 0:19:23]} Kf7
{[%clk 0:28:32]} 48. Rd7+ {[%clk 0:17:55]} Kg8 {[%clk 0:27:52]} 49. Rd3
{[%clk 0:17:24]} Kf7 {[%clk 0:28:00]} 50. Re3 {[%clk 0:15:17]} Kf6
{[%clk 0:22:55]} 51. Bd4+ {[%clk 0:09:56]} Kf7 {[%clk 0:22:40]} 52. Be5
{[%clk 0:09:45]} Qd2 {[%clk 0:19:25]} 53. Rd3 {[%clk 0:09:16]} Qg2
{[%clk 0:18:35]} 54. Rd7+ {[%clk 0:08:35]} Ke8 {[%clk 0:16:19]} 55. Rd3
{[%clk 0:07:35]} Kf7 {[%clk 0:16:20]} 56. Rc3 {[%clk 0:06:28]} Qf2
{[%clk 0:15:47]} 57. Rc7+ {[%clk 0:05:31]} Ke8 {[%clk 0:16:00]} 58. Rc3
{[%clk 0:03:22]} Kf7 {[%clk 0:16:19]} 59. Rc7+ {[%clk 0:02:49]} Ke8
{[%clk 0:16:43]} 60. Rc3 {[%clk 0:03:14]}  1/2-1/2

[Event "Summer Prague Open 2022 - A"]
[Site "Olympik hotel, Sokolovska 138, Praha"]
[Date "2022.08.06"]
[Round "2"]
[Board "9"]
[White "Zamengo, Fulvio"]
[Black "Philipp, Mathias"]
[Result "0-1"]
[WhiteElo "2396"]
[BlackElo "2092"]
[PlyCount "0"]
[EventDate "2022.08.05"]
[EventRounds "9"]
[EventCountry "CZE"]

1. e4 {[%clk 1:30:42]} c5 {[%clk 1:30:55]} 2. Nf3 {[%clk 1:30:22]} Nc6
{[%clk 1:31:14]} 3. d4 {[%clk 1:30:24]} cxd4 {[%clk 1:31:39]} 4. Nxd4
{[%clk 1:30:46]} Nf6 {[%clk 1:32:06]} 5. Nc3 {[%clk 1:30:50]} e5 {[%clk 1:32:29]}
6. Ndb5 {[%clk 1:30:27]} d6 {[%clk 1:32:45]} 7. Nd5 {[%clk 1:30:24]} Nxd5
{[%clk 1:33:08]} 8. exd5 {[%clk 1:30:47]} Ne7 {[%clk 1:33:34]} 9. c4
{[%clk 1:30:12]} Ng6 {[%clk 1:33:59]} 10. Qa4 {[%clk 1:23:34]} Bd7
{[%clk 1:33:41]} 11. Qb4 {[%clk 1:23:56]} Bf5 {[%clk 1:32:48]} 12. Be3
{[%clk 1:21:07]} a6 {[%clk 1:30:59]} 13. Nc3 {[%clk 1:21:19]} Be7
{[%clk 1:31:13]} 14. O-O-O {[%clk 1:03:47]} O-O {[%clk 1:27:13]} 15. Bd3
{[%clk 1:04:05]} Bxd3 {[%clk 1:25:46]} 16. Rxd3 {[%clk 1:04:26]} Qc7
{[%clk 1:26:04]} 17. Bb6 {[%clk 0:36:25]} Qd7 {[%clk 1:23:15]} 18. g3
{[%clk 0:36:46]} Qf5 {[%clk 1:14:43]} 19. Rd2 {[%clk 0:31:07]} Rac8
{[%clk 1:09:34]} 20. Re1 {[%clk 0:25:12]} Qg4 {[%clk 1:07:22]} 21. b3
{[%clk 0:18:02]} f5 {[%clk 1:03:02]} 22. Kc2 {[%clk 0:07:37]} Rf7
{[%clk 0:55:11]} 23. Qa4 {[%clk 0:05:18]} Bg5 {[%clk 0:51:31]} 24. Rde2
{[%clk 0:04:29]} Bf6 {[%clk 0:49:07]} 25. Qa3 {[%clk 0:01:23]} Rd7
{[%clk 0:46:00]} 26. Qc1 {[%clk 0:01:31]} e4 {[%clk 0:45:51]} 27. f4
{[%clk 0:01:19]} exf3 {[%clk 0:43:56]} 28. Re6 {[%clk 0:00:54]} Be5
{[%clk 0:42:54]} 29. Qe3 {[%clk 0:00:53]} Rf8 {[%clk 0:42:22]} 30. Rf1
{[%clk 0:00:57]} f4 {[%clk 0:42:15]} 31. Qe4 {[%clk 0:01:07]} Qh5
{[%clk 0:41:51]} 32. Bg1 {[%clk 0:00:42]} fxg3 {[%clk 0:40:33]} 33. hxg3
{[%clk 0:01:07]} Qh3 {[%clk 0:40:36]} 34. Qd3 {[%clk 0:00:33]} Qxg3
{[%clk 0:38:36]} 35. Be3 {[%clk 0:00:38]} Nf4 {[%clk 0:33:10]} 36. Bxf4
{[%clk 0:00:55]} Rxf4 {[%clk 0:33:06]} 37. Nd1 {[%clk 0:00:33]} Qg5
{[%clk 0:29:31]} 38. b4 {[%clk 0:00:42]} Rc7 {[%clk 0:25:21]} 39. c5
{[%clk 0:01:02]} Rxb4 {[%clk 0:24:59]} 40. c6 {[%clk 0:00:38]} bxc6
{[%clk 0:24:17]} 41. Re8+ {[%clk 0:24:02]} Kf7 {[%clk 0:54:42]} 42. Rxe5
{[%clk 0:19:36]} dxe5 {[%clk 0:42:48]} 43. d6 {[%clk 0:19:23]} Rd7
{[%clk 0:42:31]} 44. Rxf3+ {[%clk 0:18:24]} Rf4 {[%clk 0:41:12]} 45. Qb3+
{[%clk 0:18:47]} Kf6 {[%clk 0:40:31]} 46. Rd3 {[%clk 0:16:24]} e4
{[%clk 0:28:38]} 47. Rc3 {[%clk 0:10:54]} Rxd6 {[%clk 0:28:07]} 48. Qb8
{[%clk 0:07:42]} Re6 {[%clk 0:22:55]} 49. a4 {[%clk 0:05:08]} Rf3
{[%clk 0:21:14]} 50. Qd8+ {[%clk 0:04:05]} Kg6 {[%clk 0:21:28]} 51. Qc8
{[%clk 0:04:29]} Rxc3+ {[%clk 0:21:42]} 52. Nxc3 {[%clk 0:04:53]} Qe5
{[%clk 0:21:38]} 53. Qxa6 {[%clk 0:05:11]} e3 {[%clk 0:21:52]} 54. Qe2
{[%clk 0:05:25]} h5 {[%clk 0:21:21]} 55. Kb3 {[%clk 0:04:51]} Rd6
{[%clk 0:21:10]} 56. Qg2+ {[%clk 0:04:14]} Kh6 {[%clk 0:21:06]} 57. a5
{[%clk 0:04:10]} Qxa5 {[%clk 0:20:24]} 58. Qe4 {[%clk 0:04:29]} Qg5
{[%clk 0:20:34]} 59. Qe8 {[%clk 0:04:53]} Rd8 {[%clk 0:19:53]}  0-1